000 00684nam a2200217 a 4500
003 PILC
005 20150505134800.0
008 020823s19uu xx 00 eng d
020 _a0138574596
050 _aHD 58.7
_b.R62 1997
082 _a658.3
100 _aRobbins, Stephen P.
245 _aOrganizational behavior : concepts controversies, applications /
_cStephen P. Robbins.
250 _a8th ed.
260 _aUpper Saddle River, N.J. :
_bPearson Prentice Hall,
_c1997.
300 _axxi, 675 pages :
_bchiefly illustrations ;
_c25 cm.
500 _aIncludes appendix, index, and glindex.
650 _aOrganizational behavior.
942 _cBK
_2lcc
999 _c283834
_d283834